ရွှေတိဂုံစေတီတော်စေတိယင်္ဂဏပရိယတ္တိဓမ္မာနုဂ္ဂလဟစာလျှောက်မေးပွဲ နှစ်(၁၀၀)ပြည့် စေတိယင်္ဂဏမှတ်တမ်း။ (Record no. 16810)

000 -LEADER
fixed length control field 00986nam a2200193Ia 4500
003 - CONTROL NUMBER IDENTIFIER
control field OSt
005 - DATE AND TIME OF LATEST TRANSACTION
control field 20241011104011.0
007 - PHYSICAL DESCRIPTION FIXED FIELD--GENERAL INFORMATION
fixed length control field ca aa aaaaa
008 - FIXED-LENGTH DATA ELEMENTS--GENERAL INFORMATION
fixed length control field 201103s9999 xx 000 0 und d
040 ## - CATALOGING SOURCE
Transcribing agency SSBUL
041 ## - LANGUAGE CODE
Language code of text/sound track or separate title bur
082 ## - DEWEY DECIMAL CLASSIFICATION NUMBER
Edition number 23
Classification number ၂၉၄.၃၄၃၅၀၉ ရွှေ
Item number ၉၃၁၁ S-SAT
245 #0 - TITLE STATEMENT
Title ရွှေတိဂုံစေတီတော်စေတိယင်္ဂဏပရိယတ္တိဓမ္မာနုဂ္ဂလဟစာလျှောက်မေးပွဲ နှစ်(၁၀၀)ပြည့် စေတိယင်္ဂဏမှတ်တမ်း။
260 ## - PUBLICATION, DISTRIBUTION, ETC.
Place of publication, distribution, etc. [နေရာမပါ] ၊
Name of publisher, distributor, etc. [ထုတ်ဝေသူမပါ]၊
Date of publication, distribution, etc. ၂၀၁၈။
300 ## - PHYSICAL DESCRIPTION
Extent ၂၃၀ စာမျက်နှာ ၊
Other physical details ဓါတ်ပုံများ ၊
Dimensions ၂၇ စင်တီ။
500 ## - GENERAL NOTE
General note S-SAT: Dr. Sai Aung Tun
650 ## - SUBJECT ADDED ENTRY--TOPICAL TERM
Topical term or geographic name entry element ရွှေတိဂုံစေတီတေ်
Form subdivision သမိုင်း
9 (RLIN) 55028
942 ## - ADDED ENTRY ELEMENTS (KOHA)
Source of classification or shelving scheme
Koha item type Book (Short term)
Holdings
Withdrawn status Lost status Source of classification or shelving scheme Damaged status Not for loan Collection code Permanent Location Current Location Shelving location Date acquired Total Checkouts Full call number Barcode Date last seen Price effective from Koha item type Accession
          Special Collections Shan State Buddhist University Library Shan State Buddhist University Library Special Collection Shelves 15/02/2023   ၂၉၄.၃၄၃၅၀၉ ရွှေ ၉၃၁၁ S-SAT MB00009311 15/02/2023 15/02/2023 Book (Short term) ၉၃၁၁ S-SAT

Library - 09407999929
Admin Office - 09407999979
Dean Office - 09250910768
Registrar Office - 09892297154
Email - [email protected]
Shan State Buddhist University, Phaya Phyu Taunggyi, Shan State, Myanmar.